প্রাচ্যের রহস্য-নগরী / (Record no. 25856)

MARC details
000 -LEADER
fixed length control field 01081nam a22002297a 4500
003 - CONTROL NUMBER IDENTIFIER
control field BDDh-ASL
005 - DATE AND TIME OF LATEST TRANSACTION
control field 20231015030552.0
008 - FIXED-LENGTH DATA ELEMENTS--GENERAL INFORMATION
fixed length control field 210918s1965 b ||||| |||| 00| 0 b d
040 ## - CATALOGING SOURCE
Transcribing agency BDDh-ASL
082 ## - DEWEY DECIMAL CLASSIFICATION NUMBER
Classification number 954.92
Item number BAP
100 1# - MAIN ENTRY--PERSONAL NAME
9 (RLIN) 4439
Personal name বার্ট, এফ. বি. ব্রাডলী
245 10 - TITLE STATEMENT
Title প্রাচ্যের রহস্য-নগরী /
Statement of responsibility, etc. অনুঃ রহীম উদ্দীন সিদ্দিকী
246 ## - VARYING FORM OF TITLE
Title proper/short title Praccer Rohosso-Nogori
260 ## - PUBLICATION, DISTRIBUTION, ETC.
Place of publication, distribution, etc. ঢাকা:
Name of publisher, distributor, etc. বাংলা একাডেমি,
-- দিব্য প্রকাশ,
Date of publication, distribution, etc. ১৯৬৫।
-- ২০০২।
300 ## - PHYSICAL DESCRIPTION
Extent ২৮৭ পৃষ্ঠা:
-- ১৬৭ পৃষ্ঠা:
Dimensions ২২ সে.মি.
504 ## - BIBLIOGRAPHY, ETC. NOTE
Bibliography, etc. note গ্রন্থপঞ্জি সংযুক্ত ।
650 #0 - SUBJECT ADDED ENTRY--TOPICAL TERM
Topical term or geographic name entry element History (ইতিহাস)
9 (RLIN) 4586
650 #0 - SUBJECT ADDED ENTRY--TOPICAL TERM
Topical term or geographic name entry element History of Dhaka (ঢাকার ইতিহাস)
9 (RLIN) 6126
651 #0 - SUBJECT ADDED ENTRY--GEOGRAPHIC NAME
9 (RLIN) 473
Geographic name Dhaka (Bangladesh)
General subdivision History.
700 1# - ADDED ENTRY--PERSONAL NAME
Personal name সিদ্দিকী, রহীম উদ্দীন
9 (RLIN) 7436
942 ## - ADDED ENTRY ELEMENTS (KOHA)
Source of classification or shelving scheme Dewey Decimal Classification
Koha item type Books
Holdings
Withdrawn status Lost status Source of classification or shelving scheme Damaged status Not for loan Collection code Home library Current library Shelving location Date acquired Source of acquisition Total Checkouts Full call number Barcode Date last seen Copy number Price effective from Koha item type Public note
    Dewey Decimal Classification   Not For Loan Non-fiction Asiatic Society Library Asiatic Society Library General Stacks 09/18/2021 ASB Collection   954.92 BAP 111662 09/18/2021 C-1 09/18/2021 Books RARE
    Dewey Decimal Classification     Non-fiction Asiatic Society Library Asiatic Society Library General Stacks 09/21/2021 ASB Collection   954.92 BAP 111759 09/21/2021 C-2 09/21/2021 Books RARE
    Dewey Decimal Classification     Non-fiction Asiatic Society Library Asiatic Society Library Wakil Ahmed Collection 03/08/2023 Donated by Prof. Wakil Ahmed   954.92 BAP 119486 03/08/2023 C-3 03/08/2023 Books  

Powered by Koha